D1 Men's College Hockey Teams - Statistics

General Stats
  • This quiz has been taken 123 times
  • The average score is 33 of 64
Answer Stats
Answer % Correct
Michigan
95%
Michigan State
89%
Minnesota
88%
Boston College
87%
Ohio State
80%
Penn State
79%
Boston University
77%
Harvard
76%
Wisconsin
75%
Notre Dame
73%
Massachusetts
72%
Yale
72%
Maine
71%
North Dakota
68%
Connecticut
67%
Vermont
67%
Brown
65%
Minnesota Duluth
64%
Minnesota State
64%
Princeton
64%
Denver
63%
Arizona State
61%
Cornell
60%
New Hampshire
60%
Dartmouth
59%
Army
55%
Western Michigan
55%
Providence
53%
UMass Lowell
53%
Alaska
52%
Quinnipiac
52%
Michigan Tech
51%
Northeastern
51%
Air Force
49%
Colorado College
48%
St. Cloud State
48%
St. Thomas
47%
Northern Michigan
45%
Lake Superior State
43%
Omaha
41%
Alaska Anchorage
40%
Bemidji State
40%
Colgate
40%
Miami
40%
Niagara
39%
Long Island University
37%
Bowling Green
36%
Merrimack
36%
Sacred Heart
36%
Ferris State
35%
Canisius
33%
RIT
33%
Augustana
32%
Clarkson
31%
St. Lawrence
31%
Holy Cross
29%
Mercyhurst
29%
Rensselaer
29%
Stonehill
29%
Union
29%
AIC
27%
Robert Morris
27%
Bentley
25%
Lindenwood
24%
No matching quizzes found
Score Distribution
Percent of People with Each Score
Percentile by Number Answered
Your Score History
You have not taken this quiz